El Talmud de Babilonia / (Record no. 115599)
[ view plain ]
| 000 -LEADER | |
|---|---|
| campo de control de longitud fija | 01198nam a2200229 i 4500 |
| 001 - NÚMERO DE CONTROL | |
| campo de control | 115599 |
| 003 - IDENTIFICADOR DE NÚMERO DE CONTROL | |
| campo de control | ES-MaACL |
| 005 - FECHA Y HORA DE LA ÚLTIMA TRANSACCIÓN | |
| campo de control | 20230906190516.0 |
| 007 - CAMPO FIJO DE DESCRIPCIÓN FÍSICA--INFORMACIÓN GENERAL | |
| campo de control de longitud fija | t| |
| 008 - DATOS DE LONGITUD FIJA--INFORMACIÓN GENERAL | |
| campo de control de longitud fija | 070416s1965 ag ||||1| spa d |
| 080 ## - NÚMERO DE LA CLASIFICACIÓN DECIMAL UNIVERSAL | |
| Número de la Clasificación Decimal Universal | 296.80 |
| 130 0# - ENTRADA PRINCIPAL--TÍTULO UNIFORME | |
| Título uniforme | Talmud. |
| 9 (RLIN) | 124832 |
| 245 13 - MENCIÓN DEL TÍTULO | |
| Título | El Talmud de Babilonia / |
| Mención de responsabilidad, etc. | editado por Abraham J. Weiss ; [versión castellana dirigida y redactada por Mario Calés, sobre la base de la edición de Vilna]. |
| 260 ## - PUBLICACIÓN, DISTRIBUCIÓN, ETC. | |
| Lugar de publicación, distribución, etc. | Buenos Aires : |
| Nombre del editor, distribuidor, etc. | Acervo Cultural, |
| Fecha de publicación, distribución, etc. | 1965- |
| 300 ## - DESCRIPCIÓN FÍSICA | |
| Extensión | 7 v. ; |
| Dimensiones | 29 cm. |
| 500 ## - NOTA GENERAL | |
| Nota general | Texto hebreo y español. |
| 505 8# - NOTA DE CONTENIDO CON FORMATO | |
| Nota de contenido con formato | Contiene: 1. Tratato Berajot [Seder Zeraim] / con el prólogo de Maimonides al Seder Zeraim (338 p.) -- 2. Tratados Peá, Demái, Kilaím, Shebut, Terumot, Maaserot, Maaser sheni, Jalá, Orlá, Bicurim. [Seder Zeraim] (266 p.) -- 3. Tratado Sabat. [Seder Moed] (633 p.) -- 14. Tratado Babá Kama [Seder Nezikim] (479 p.) -- 15. Tratado Babá Metsía [Seder Nezikim] ( 479 p.) -- 16. Tratado Babá Batrá. [Seder Nezikim] (705 p.) -- 17. Tratado Sanedrim [Seder Nezikim] (475 p.) |
| 700 0# - ENTRADA AGREGADA--NOMBRE PERSONAL | |
| Nombre de persona | Maimónides. |
| 9 (RLIN) | 75588 |
| 700 1# - ENTRADA AGREGADA--NOMBRE PERSONAL | |
| Nombre de persona | Calés, Mario. |
| 9 (RLIN) | 33664 |
| 700 1# - ENTRADA AGREGADA--NOMBRE PERSONAL | |
| Nombre de persona | Weiss, Abraham J. |
| 9 (RLIN) | 116394 |
| 852 4# - LOCALIZACIÓN | |
| Ubicación | ES-MaACL |
| Número de control de estantería | P-1453 |
| Estatus retirado | Estado de pérdida | Estado de daño | No para préstamo | Biblioteca de origen | Biblioteca actual | Ubicación en estantería | Fecha de adquisición | Fuente de adquisición | Total de préstamos | Signatura topográfica completa | Código de barras | Visto por última vez | Precio de reemplazo | Tipo de ítem Koha |
|---|---|---|---|---|---|---|---|---|---|---|---|---|---|---|
| Biblioteca del Ateneo de Madrid | Biblioteca del Ateneo de Madrid | Depósito 2 | 17/01/2008 | P-1453 | 1120551 | 23/02/2023 | 23/02/2023 | Libro impreso |
